[Event "Belarus-ch Men 2022"]
[Site "Minsk"]
[Date "2022.01.13"]
[Round "2.4"]
[White "Zarubitski, Viachaslau"]
[Black "Lutsko, Igor"]
[Result "1-0"]
[WhiteElo "2413"]
[BlackElo "2305"]
[Annotator "TA"]
[PlyCount "93"]
[EventDate "2022.01.09"]
[EventType "tourn"]
[EventCountry "BLR"]
[SourceTitle "playchess.com"]
[Source "ChessBase"]
[SourceQuality "1"]

{[%evp 15,93,44,29,13,14,18,15,16,18,-9,0,0,0,-31,-31,-17,0,0,0,0,0,0,0,0,0,0,0,0,17,8,23,16,8,0,0,0,8,1,0,-23,-23,-23,-12,-20,-16,-31,-7,-8,-9,-8,-11,-9,-1,-17,-13,-13,0,0,0,0,22,18,239,233,521,524,516,462,605,535,1247,1220,1209,1029,1099,1085,1261,1278,1795,1241]} 1. e4 c5 2. Nf3 d6 3. d4 cxd4 4. Nxd4 Nf6 5. Nc3 a6 6. h3 Nc6 7. Be3 e6 8. g4 h6 {is recently more successful than 8...Be7.} 9. Qe2 {B81: Sicilian Scheveningen: Keres Attack.} Nxd4 10. Bxd4 e5 11. Be3 {The position is equal.} Be6 12. f4 {[#]} exf4 $146 ({Predecessor:} 12... Rc8 13. f5 Bc4 14. Qxc4 Rxc4 15. Bxc4 Qc7 16. Bb3 d5 17. exd5 Bb4 18. O-O-O Bxc3 {0-1 (47) Nevednichy,V (2470)-Sakaev,K (2555) Moscow 1994}) 13. Bxf4 Rc8 14. Bg2 Nd7 15. Nd5 Be7 {And now ...Bh4+ would win.} 16. O-O-O Bg5 17. Kb1 Bxf4 18. Nxf4 Ne5 19. Qd2 Rc6 20. Bf1 O-O {[%cal Be8g8,Bg8f8,Bf8e7][%mdl 32]} 21. Be2 Qh4 22. Qe1 Qxe1 23. Rhxe1 Rfc8 24. Rd2 Kf8 25. Red1 Ke7 26. Bf1 b5 27. b3 b4 28. Ne2 {[%cal Bf4e2,Be2d4,Bd4c2][%mdl 32]} Rb6 29. Nd4 g6 30. Kb2 Bd7 31. Rc1 a5 32. c3 bxc3+ 33. Rxc3 Rc5 34. Nc2 Be6 35. Ne3 Rxc3 36. Kxc3 Rc6+ 37. Kb2 g5 38. Nd5+ Bxd5 $2 {A mistake that costs the game.} (38... Kd8 $11) 39. Rxd5 $18 Rc5 $2 (39... a4 40. bxa4 Rc5 41. Rxc5 dxc5) 40. Rxc5 $1 {White is clearly winning.} dxc5 {[%mdl 4096] Endgame [#] KB-KN} 41. Ka3 $1 Nc6 42. Ka4 Nb4 {[#]} 43. a3 Nc6 44. Bb5 Nd4 45. Bc4 Nc2 46. Kxa5 Nxa3 47. Bd3 {Weighted Error Value: White=0.05 (flawless) /Black=0.26 (precise)} 1-0

[Event "Belarus-ch Men 2022"]
[Site "Minsk"]
[Date "2022.01.13"]
[Round "2.5"]
[White "Aleksandrov, Aleksej"]
[Black "Nikitenko, Mihail"]
[Result "0-1"]
[WhiteElo "2502"]
[BlackElo "2506"]
[Annotator "TA"]
[PlyCount "148"]
[EventDate "2022.01.09"]
[EventType "tourn"]
[EventCountry "BLR"]
[SourceTitle "playchess.com"]
[Source "ChessBase"]
[SourceQuality "1"]

{[%evp 14,148,35,22,27,33,41,18,55,49,70,4,35,36,54,14,24,17,35,19,21,0,0,-12,48,0,0,0,34,32,31,28,38,11,9,0,0,0,0,0,18,-12,0,0,-10,-48,-18,-61,-60,-60,-46,-56,0,0,11,17,50,60,103,0,123,-31,-30,-40,-30,-34,-31,-28,-28,-64,-37,-40,0,0,8,-67,-79,-67,-19,-19,-20,-27,-27,-83,-88,-157,-157,-305,-297,-302,-282,-307,-306,-357,-357,-357,-350,-342,-342,-342,-335,-328,-320,-642,-532,-622,-549,-365,-347,-1524,-1524,-1510,-1504,-1410,-1379,-981,-940,-918,-910,-845,-701,-4874,-4899,-4888,-2487,-29959,-29950,-29974,-29975,-29975,-29976,-29976,-29977,-29977,-29978,-29980,-29981]} 1. d4 d5 2. c4 c6 3. Nf3 Nf6 4. e3 e6 5. Bd3 Nbd7 6. O-O Bd6 7. Nc3 dxc4 8. Bxc4 b5 {8...0-0 is not played anymore. D46: Semi-Slav: 5 e3 Nbd7 6 Bd3, Black avoids the Meran.} 9. Bb3 {is recently more successful than 9.Bd3.} b4 10. Na4 {[%cal Oe3e4] [#]} O-O $1 $146 {[%mdl 8] The position is equal. An important novelty.} ({Predecessor:} 10... c5 11. dxc5 Nxc5 12. Nxc5 Bxc5 13. Qc2 Qb6 14. Ba4+ Bd7 15. Ne5 Bb5 16. Nc4 Qa6 17. Bxb5+ Qxb5 {1-0 (59) Nakamura,H (2749)-Duda,J (2731) Saint Louis 2019}) 11. Qc2 Qc7 12. Bd2 (12. Rd1 $1 $14) 12... Ba6 13. Rfc1 Bb5 14. a3 bxa3 15. bxa3 Rab8 16. Bb4 Rfc8 17. Qd2 Ne4 18. Qa2 Ndf6 ({Better is} 18... c5 $11) 19. Nc3 (19. Nc5 $14) 19... Nxc3 $11 20. Rxc3 Bxb4 (20... Ne4 {seems wilder.} 21. Bxd6 Qxd6 22. Rcc1 c5 23. Qc2 c4) 21. axb4 Qe7 22. Qa3 Rc7 23. h3 Rb6 24. Rac1 Ra6 25. Qb2 Qxb4 26. Qc2 Rb6 27. e4 h6 28. e5 Nd7 29. Qe4 Nc5 30. Rxc5 (30. Qe3 $1 $11 Nxb3 31. Rxb3) 30... Qxb3 $15 31. R1c3 {[%cal Bc1c3,Bc3g3,Bg3g4][%mdl 32]} Qd1+ 32. Kh2 a5 ({Black should try} 32... Rd7 $15) 33. Qf4 $11 {[%cal Od4d5] Threatening d5!} Rd7 {Prevents d5.} 34. Nd2 {[%mdl 1024] Inhibits Qb1. Black must now prevent Rg3. White has compensation.} Rb8 35. Rg3 $1 Kf8 (35... Kh8 $1 $14) 36. Nf3 (36. Rcc3 $1 $16 Qh5 37. Nb3) 36... Qb1 (36... Qd3 $11) 37. Qg4 $2 (37. d5 $1 $16 {aiming for Nd4.} Rxd5 38. Nd4 $1 Rxd4 39. Qxd4) 37... Qh7 $15 {Active counter play!} 38. Qf4 {[%cal Od4d5]} Rbd8 $36 {[%mdl 2048] Black is more active.} 39. Qc1 a4 40. Rg4 Kg8 41. Rc3 $1 {[%cal Bc5c3,Bc3f3,Bf3f4,Bf4a4][%mdl 32]} Be2 (41... Kh8 {feels hotter.} 42. Rh4 Qg8 43. Qe3 Ra8 44. Ra3 Qf8) 42. Rf4 Bxf3 43. Rcxf3 Rxd4 44. Qxc6 (44. Rxf7 $11 Qe4 45. Qc5) 44... Rxf4 $1 45. Rxf4 {[%mdl 4096] Endgame KQR-KQR} a3 (45... g5 $1 $15 {might be stronger.} 46. Rf3 (46. Rxa4 Qf5 $17) 46... Qg7) 46. Qc7 $11 {[%csl LRd8,LRf7][%cal Rc7d8]} Rf8 47. Ra4 Qf5 48. Qc5 {[#]} (48. f4 $11 {remains equal.}) 48... Rd8 $1 $17 {And now ...Rd2 would win. Black keeps a firm grip on the game.} 49. Qe3 {Inhibits Rd2.} (49. Rxa3 $142 Rd5 50. Qe3) 49... Rd3 50. Qc5 (50. g4 $17 {keeps fighting.} Rxe3 51. gxf5) 50... Rd2 51. Rxa3 Rxf2 ({Worse is} 51... Qxf2 52. Qxf2 Rxf2 53. Kg3 $17) 52. Qe3 Rf4 53. Qg3 Qxe5 54. Ra8+ Kh7 55. Ra7 {[%cal Oa7f7]} Qf6 56. Qd3+ Qf5 57. Qxf5+ Rxf5 $19 {KR-KR} 58. g4 $2 (58. Rb7) 58... Rf4 59. Kg3 e5 60. Re7 f6 {[%cal Oh6h5] ...h5! is the strong threat.} 61. h4 $2 (61. Re8) 61... h5 62. gxh5 Kh6 63. Ra7 Rb4 64. Re7 Rb3+ 65. Kg4 Rb1 66. Re8 Rb4+ 67. Kf5 Rf4+ 68. Ke6 Rxh4 69. Rh8+ Kg5 {Black mates.} 70. Rh7 Rxh5 71. Rxg7+ Kf4 72. Rg1 e4 {[%cal Be5e4,Be4e3][%mdl 32]} 73. Rf1+ Kg3 74. Kxf6 e3 {Weighted Error Value: White=0.29 (precise) /Black=0.17 (very precise)} 0-1

[Event "Belarus-ch Men 2022"]
[Site "Minsk"]
[Date "2022.01.13"]
[Round "2.6"]
[White "Stribuk, Artiom"]
[Black "Volianuk, Vitaly"]
[Result "1-0"]
[WhiteElo "2210"]
[BlackElo "2267"]
[Annotator "ChessBase"]
[PlyCount "119"]
[EventDate "2022.01.09"]
[EventType "tourn"]
[EventCountry "BLR"]
[SourceTitle "playchess.com"]
[Source "ChessBase"]
[SourceQuality "1"]
[TimeControl "40/5400+30:1800+30"]

1. d4 {[%emt 0:00:03]} g6 {[%emt 0:00:05]} 2. c4 {[%emt 0:00:09]} Bg7 {[%emt 0:00:06]} 3. Nc3 {[%emt 0:00:14]} d6 {[%emt 0:00:06]} 4. e4 {[%emt 0:00:48]} e5 {[%emt 0:00:32]} 5. Nge2 {[%emt 0:05:16]} Nc6 {[%emt 0:04:22]} 6. Be3 {[%emt 0:07:33]} h5 {[%emt 0:00:25]} 7. h4 {[%emt 0:04:49]} Bh6 {[%emt 0:03:19]} 8. Qd2 {[%emt 0:01:23]} Bxe3 {[%emt 0:10:48]} 9. Qxe3 {[%emt 0:00:02]} Nh6 {[%emt 0:01:23]} 10. f3 {[%emt 0:03:52]} Be6 {[%emt 0:12:26]} 11. d5 {[%emt 0:07:08]} Nb4 {[%emt 0:00:07]} 12. O-O-O {[%emt 0:00:13]} Bd7 {[%emt 0:01:12]} 13. a3 {[%emt 0:00:13]} Na6 {[%emt 0:00:08]} 14. b4 {[%emt 0:01:18]} Qe7 {[%emt 0:03:35]} 15. g3 {[%emt 0:03:39]} Nb8 {[%emt 0:05:08]} 16. Kb2 {[%emt 0:02:37]} a5 {[%emt 0:01:19]} 17. Nc1 {[%emt 0:03:30]} Kf8 {[%emt 0:07:53]} 18. Be2 {[%emt 0:02:07]} Kg7 {[%emt 0:02:08]} 19. Nd3 {[%emt 0:08:12]} axb4 {[%emt 0:04:32]} 20. axb4 {[%emt 0:00:16]} Na6 {[%emt 0:00:18]} 21. Ra1 {[%emt 0:04:08]} c5 {[%emt 0:07:14]} 22. b5 {[%emt 0:04:56]} Nc7 {[%emt 0:03:29]} 23. Na4 {[%emt 0:09:08]} Rab8 {[%emt 0:01:24]} 24. Ra3 {[%emt 0:04:48]} f5 {[%emt 0:03:46]} 25. Nb6 {[%emt 0:01:55]} Na8 {[%emt 0:01:25]} 26. Nxd7 {[%emt 0:04:26]} Qxd7 {[%emt 0:00:10]} 27. f4 {[%emt 0:00:11]} Nb6 {[%emt 0:01:30]} 28. Rc1 {[%emt 0:01:07]} exf4 {[%emt 0:12:53]} 29. Nxf4 {[%emt 0:00:17]} Rhe8 {[%emt 0:00:53]} 30. Ne6+ {[%emt 0:03:36]} Rxe6 {[%emt 0:02:03]} 31. dxe6 {[%emt 0:00:16]} Qxe6 {[%emt 0:00:16]} 32. exf5 {[%emt 0:02:10]} Qxe3 {[%emt 0:03:54]} 33. Rxe3 {[%emt 0:00:53]} Nxf5 {[%emt 0:00:06]} 34. Ra3 {[%emt 0:00:12]} Nd4 {[%emt 0:05:29]} 35. Bd3 {[%emt 0:01:02]} Re8 {[%emt 0:01:48]} 36. Ra7 {[%emt 0:01:25]} Re7 {[%emt 0:00:05]} 37. Be4 {[%emt 0:07:53]} d5 {[%emt 0:01:10]} 38. Bxd5 {[%emt 0:02:21]} Nxd5 {[%emt 0:00:29]} 39. cxd5 {[%emt 0:00:02]} Nxb5 {[%emt 0:00:33]} 40. Ra5 {[%emt 0:00:00]} Nd6 {[%emt 0:00:00]} 41. Raxc5 {[%emt 0:02:03]} Kf6 {[%emt 0:07:27]} 42. Rc7 {[%emt 0:06:33]} Re5 {[%emt 0:12:41]} 43. Rf1+ {[%emt 0:05:31]} Nf5 {[%emt 0:06:06]} 44. d6 {[%emt 0:01:46]} Rd5 {[%emt 0:00:17]} 45. d7 {[%emt 0:00:38]} Ke7 {[%emt 0:00:15]} 46. Rxb7 {[%emt 0:01:20]} Rxd7 {[%emt 0:00:32]} 47. Rxd7+ {[%emt 0:10:57]} Kxd7 {[%emt 0:00:05]} 48. Rf3 {[%emt 0:01:10]} Ke6 {[%emt 0:01:27]} 49. Kc3 {[%emt 0:00:44]} Kd5 {[%emt 0:02:04]} 50. Kd2 {[%emt 0:02:30]} Ke5 {[%emt 0:00:36]} 51. Ra3 {[%emt 0:00:38]} Ng7 {[%emt 0:04:12]} 52. Ke3 {[%emt 0:01:28]} Nf5+ {[%emt 0:00:14]} 53. Kf2 {[%emt 0:00:27]} Ng7 {[%emt 0:00:35]} 54. Ra5+ {[%emt 0:01:13]} Kf6 {[%emt 0:00:39]} 55. Ke3 {[%emt 0:01:00]} Ne6 {[%emt 0:00:49]} 56. Ke4 {[%emt 0:00:08]} g5 {[%emt 0:01:17]} 57. Rf5+ {[%emt 0:00:52]} Kg6 {[%emt 0:00:19]} 58. Re5 {[%emt 0:00:10]} gxh4 {[%emt 0:00:35]} 59. Rxe6+ {[%emt 0:00:18]} Kf7 {[%emt 0:00:10]} 60. Rh6 {[%emt 0:06:56]} 1-0

[Event "Belarus-ch Men 2022"]
[Site "Minsk"]
[Date "2022.01.13"]
[Round "3.1"]
[White "Volianuk, Vitaly"]
[Black "Tsaruk, Maksim"]
[Result "0-1"]
[WhiteElo "2267"]
[BlackElo "2343"]
[Annotator "ChessBase"]
[PlyCount "116"]
[EventDate "2022.01.09"]
[EventType "tourn"]
[EventCountry "BLR"]
[SourceTitle "playchess.com"]
[Source "ChessBase"]
[SourceQuality "1"]
[TimeControl "40/5400+30:1800+30"]

1. e4 {[%emt 0:00:03]} e5 {[%emt 0:00:27]} 2. Nf3 {[%emt 0:00:09]} Nc6 {[%emt 0:00:10]} 3. Bb5 {[%emt 0:00:09]} a6 {[%emt 0:00:07]} 4. Ba4 {[%emt 0:00:15]} Nf6 {[%emt 0:00:10]} 5. d3 {[%emt 0:00:15]} b5 {[%emt 1:32:06]} 6. Bb3 Be7 7. c3 Bb7 {[%emt 0:00:00]} 8. O-O {[%emt 0:03:03]} O-O {[%emt 0:00:00]} 9. Re1 {[%emt 0:01:22]} d5 {[%emt 0:00:00]} 10. Bg5 {[%emt 0:15:09]} dxe4 {[%emt 0:00:00]} 11. dxe4 {[%emt 0:00:16]} Qxd1 {[%emt 0:00:00]} 12. Bxd1 {[%emt 0:02:07]} Nd7 {[%emt 0:00:00]} 13. Bxe7 {[%emt 0:03:57]} Nxe7 {[%emt 0:00:00]} 14. Nbd2 {[%emt 0:02:04]} Rfd8 {[%emt 0:00:00]} 15. b4 {[%emt 0:11:53]} c5 {[%emt 0:00:00]} 16. Nb3 {[%emt 0:01:42]} c4 {[%emt 0:00:00]} 17. Na5 {[%emt 0:01:36]} Bc6 {[%emt 0:00:00]} 18. Bc2 {[%emt 0:12:06]} f6 {[%emt 0:00:00]} 19. Red1 {[%emt 0:04:36]} Nb6 {[%emt 0:00:00]} 20. Kf1 {[%emt 0:06:37]} Kf7 {[%emt 0:00:00]} 21. Ke2 {[%emt 0:02:07]} Rac8 {[%emt 0:00:00]} 22. Nd2 {[%emt 0:05:52]} Ba8 {[%emt 0:00:00]} 23. a4 {[%emt 0:06:17]} Rb8 {[%emt 0:00:00]} 24. axb5 {[%emt 0:02:12]} axb5 {[%emt 0:00:00]} 25. f3 {[%emt 0:02:16]} Nbc8 {[%emt 0:05:27]} 26. Nf1 {[%emt 0:08:18]} Nd6 {[%emt 0:00:04]} 27. Ne3 {[%emt 0:00:27]} Ne8 {[%emt 0:00:07]} 28. Ra2 {[%emt 0:03:36]} h5 {[%emt 0:02:23]} 29. Rda1 {[%emt 0:01:17]} Nc7 {[%emt 0:00:27]} 30. Rd1 {[%emt 0:02:17]} Ne6 {[%emt 0:00:26]} 31. g3 {[%emt 0:00:23]} h4 {[%emt 0:02:06]} 32. Raa1 {[%emt 0:00:35]} g6 {[%emt 0:00:12]} 33. Ng2 {[%emt 0:01:15]} hxg3 {[%emt 0:00:16]} 34. hxg3 {[%emt 0:00:08]} f5 {[%emt 0:02:21]} 35. Ke3 {[%emt 0:01:41]} Kf6 {[%emt 0:00:34]} 36. Rxd8 {[%emt 0:01:45]} Rxd8 {[%emt 0:00:04]} 37. Rd1 {[%emt 0:00:36]} Rxd1 {[%emt 0:00:29]} 38. Bxd1 {[%emt 0:00:01]} fxe4 {[%emt 0:00:22]} 39. fxe4 {[%emt 0:00:11]} Ng5 {[%emt 0:00:11]} 40. Bc2 {[%emt 0:00:00]} Nc8 {[%emt 0:00:00]} 41. Nf4 {[%emt 0:07:51]} exf4+ {[%emt 0:02:58]} 42. gxf4 {[%emt 0:00:08]} Ne6 {[%emt 0:02:49]} 43. f5 {[%emt 0:01:36]} g5 {[%emt 0:09:36]} 44. fxe6 {[%emt 0:00:49]} Kxe6 {[%emt 0:01:06]} 45. Kd4 {[%emt 0:04:01]} g4 {[%emt 0:00:45]} 46. Bd1 {[%emt 0:08:27]} g3 {[%emt 0:00:04]} 47. Bg4+ {[%emt 0:01:05]} Kd6 {[%emt 0:09:21]} 48. Ke3 {[%emt 0:04:27]} Nb6 {[%emt 0:00:17]} 49. Kf3 {[%emt 0:03:12]} Na4 {[%emt 0:04:06]} 50. Kxg3 {[%emt 0:00:13]} Nxc3 {[%emt 0:00:05]} 51. Kf4 {[%emt 0:01:41]} Bxe4 {[%emt 0:00:54]} 52. Ke3 {[%emt 0:01:38]} Ke5 {[%emt 0:00:13]} 53. Bd7 {[%emt 0:01:15]} Nd5+ {[%emt 0:01:17]} 54. Ke2 {[%emt 0:01:29]} Kd4 {[%emt 0:00:26]} 55. Nc6+ {[%emt 0:00:32]} Kc3 {[%emt 0:00:04]} 56. Na7 {[%emt 0:00:11]} Kxb4 {[%emt 0:00:29]} 57. Nxb5 {[%emt 0:00:50]} Nf6 {[%emt 0:00:30]} 58. Nd6 {[%emt 0:01:01]} Bd3+ {[%emt 0:00:07]} 0-1

[Event "Belarus-ch Men 2022"]
[Site "Minsk"]
[Date "2022.01.13"]
[Round "3.2"]
[White "Nikitenko, Mihail"]
[Black "Stribuk, Artiom"]
[Result "0-1"]
[WhiteElo "2506"]
[BlackElo "2210"]
[Annotator "TA"]
[PlyCount "88"]
[EventDate "2022.01.09"]
[EventType "tourn"]
[EventCountry "BLR"]
[SourceTitle "playchess.com"]
[Source "ChessBase"]
[SourceQuality "1"]

{[%evp 17,88,15,27,7,16,-2,-8,-12,-14,-38,-26,-101,-12,-13,-4,-4,0,0,0,0,0,0,0,-7,-16,-38,-6,-11,-25,-140,-142,-124,-126,-132,-123,-185,-187,-185,-181,-185,-191,-237,-146,-133,-139,-119,-119,-155,-158,-277,-221,-241,-235,-229,-250,-235,-181,-297,-298,-291,-297,-289,-289,-420,-416,-389,-397,-539,-523,-595,-577,-669,-650]} 1. Nf3 Nf6 2. b3 c5 3. Bb2 Nc6 4. c4 d6 5. g3 e5 6. Bg2 g6 7. O-O Bg7 8. d3 O-O 9. Nc3 h6 10. Qd2 {A38: Symmetrical English vs ...g6: 4 Bg2 Bg7 5 Nf3 Nf6.} Be6 {[#]} 11. e3 $146 ({Predecessor:} 11. Ne1 Qd7 12. Nc2 Bh3 13. Ne3 Bxg2 14. Kxg2 Nd4 15. Ned5 Nxd5 16. Nxd5 f5 17. e3 f4 18. exd4 {0-1 (30) Hadzimanolis,A (2229)-Mustaps,M (2362) Chess.com INT 2019}) 11... d5 12. Na4 {The position is equal.} Qd6 13. Ba3 b6 14. cxd5 (14. d4 $11) 14... Bxd5 ({Black should play} 14... Nxd5 $17 15. Bb2 Rad8) 15. Nc3 $11 Be6 16. d4 $1 exd4 17. exd4 Rfd8 18. Rad1 Qb8 19. Qc1 cxd4 20. Nb5 {[%csl LRc6,LRd4]} Bd5 21. Nbxd4 Qb7 {Threatens to win with ...Nxd4.} 22. Nb5 Rac8 {Strongly threatening ...Qa6.} 23. Rxd5 Nxd5 $17 {[%cal Bf6d5,Bd5f4,Bf4e2][%mdl 32]} 24. Nd6 {[#]} Rxd6 {[%mdl 512]} 25. Bxd6 {[#] A strong pair of Bishops.} Qd7 $1 26. Ba3 (26. Bf4 $17 {keeps fighting.}) 26... Nd4 $19 27. Qd2 {[#] To avoid Ne2+} Rc2 $1 $36 {[%mdl 2048] Black is in control.} 28. Qd3 {[#]} Nf4 $1 ({Worse is} 28... Rxa2 29. Nxd4 Nc7 30. Bc1 Qxd4 31. Qf3 $11 (31. Qxd4 Bxd4 32. Bxh6 Rb2 $15)) 29. Qe4 (29. Qd1 $142 Nfe2+ 30. Kh1) 29... Nfe2+ ({And not} 29... Rxa2 30. Nxd4 Nxg2 31. Nc2 $17) 30. Kh1 Rxa2 {Black is more active.} 31. Nxd4 Nxd4 32. Bb4 Nxb3 33. f4 (33. Qd5 $17 {might work better.} Qxd5 34. Bxd5) 33... Nd4 34. Qa8+ Kh7 {And now ...Nc2 would win.} 35. Qd5 Qxd5 36. Bxd5 Ra4 37. Bd6 (37. Bd2 {is a better defense.}) 37... Nf5 38. Bb3 Rd4 39. Bb8 Rd7 {...Nd4 is the strong threat.} 40. Rc1 (40. Rd1 $142 Rb7 41. Bd6) 40... Nd4 41. Ba2 b5 {[%cal Bb6b5,Bb5b4,Bb4b3][%mdl 32]} 42. g4 b4 {Black is clearly winning.} 43. f5 b3 44. Bb1 Ne2 {Weighted Error Value: White=0.37/Black=0.11 (very precise)} 0-1

[Event "Belarus-ch Men 2022"]
[Site "Minsk"]
[Date "2022.01.13"]
[Round "3.3"]
[White "Lutsko, Igor"]
[Black "Aleksandrov, Aleksej"]
[Result "0-1"]
[WhiteElo "2305"]
[BlackElo "2502"]
[Annotator "TA"]
[PlyCount "88"]
[EventDate "2022.01.09"]
[EventType "tourn"]
[EventCountry "BLR"]
[SourceTitle "playchess.com"]
[Source "ChessBase"]
[SourceQuality "1"]

{[%evp 11,88,-2,0,-10,-6,0,0,-51,-53,-48,-54,-60,-71,-58,-52,-44,0,0,-24,0,-8,-14,54,50,53,47,63,52,41,29,35,17,0,0,16,-31,-24,-28,-23,-41,-43,-58,-59,-92,-91,-91,-90,-105,-105,-105,-101,-100,-99,-145,-145,-144,-135,-137,-127,-146,-114,-109,-85,-141,-143,-328,-315,-291,-217,-758,-866,-712,-527,-603,-637,-562,-587,-29987,-29988]} 1. c4 e6 2. d4 b6 3. Nc3 Bb4 4. Qb3 c5 5. Nf3 Nf6 6. a3 Ba5 7. e3 {E21: Nimzo-Indian: 4 Nf3.} Bb7 8. Be2 Ne4 9. O-O (9. d5 $11) 9... Bxc3 $15 10. bxc3 Nc6 $1 11. Qc2 {[#]} Na5 $146 ({Predecessor:} 11... f5 12. Nd2 Nxd2 13. Qxd2 Na5 14. Rb1 d6 15. Qa2 O-O 16. Rd1 Qh4 17. g3 Qh3 {0-1 (45) Traxler,A (1905)-Achermann,J (1829) ICCF email 2008}) 12. d5 Nd6 13. e4 O-O 14. e5 Ndxc4 {Pair of Knights!} 15. Ng5 $1 {[%csl Gg5][%cal Rc2h7]} g6 16. Qe4 {[#]} Nxe5 17. Qh4 $1 $14 {[%csl Gg5][%cal Rh4h7]} ({Don't play} 17. Qxe5 f6 18. Qg3 fxg5 $11) 17... h5 18. f4 $1 Nec4 19. f5 $1 exf5 {[%cal Od8f6] ...Qf6! is the strong threat.} 20. Bxc4 Qf6 $1 21. Bd2 Nxc4 22. Qxc4 Qe5 23. Rae1 (23. Nf3 $11 Qxd5 24. Qh4) 23... Qxd5 $15 24. Qxd5 Bxd5 25. Re7 f6 26. Nh3 ({Much worse is} 26. Rxd7 Bc4 27. Re1 fxg5 $17) 26... Rf7 27. Rfe1 Be6 28. Rxf7 Kxf7 29. Be3 g5 30. Nf2 {[%cal Oh2h4]} f4 31. Bc1 d5 {Prevents Ne4.} 32. Rd1 (32. h4 $142) 32... h4 $17 33. Nd3 Rd8 34. Kf2 Kg6 35. Kf3 d4 36. cxd4 Rxd4 37. Nb2 {Prevents Rc4.} ({Better is} 37. Nxf4+ gxf4 38. Rxd4 cxd4 39. Kxf4) 37... g4+ {[%cal Bg5g4,Bg4g3][%mdl 32]} 38. Ke2 $2 {This costs White the game.} (38. Kf2 $17 Re4 39. Nd3) 38... g3 $19 {( -> ...Bg4+)} 39. h3 {To avoid Bg4+} ({But not} 39. Rxd4 $2 gxh2 40. Nd3 h1=Q $19) 39... Kf5 {White must now prevent ...Re4+.} 40. Rxd4 (40. Kf1) 40... cxd4 41. Bd2 Ke4 42. Bb4 d3+ 43. Kf1 f3 {[%cal Od3d2,Bf4f3,Bf3f2][%mdl 32] aiming for ...d2!} 44. Be7 f2 {Weighted Error Value: White=0.44/Black=0.13 (very precise)} 0-1

[Event "Belarus-ch Men 2022"]
[Site "Minsk"]
[Date "2022.01.13"]
[Round "3.4"]
[White "Siniauski, Artsiom"]
[Black "Zarubitski, Viachaslau"]
[Result "0-1"]
[WhiteElo "2301"]
[BlackElo "2413"]
[Annotator "RC"]
[PlyCount "70"]
[EventDate "2022.01.09"]
[EventType "tourn"]
[EventCountry "BLR"]
[SourceTitle "playchess.com"]
[Source "ChessBase"]
[SourceQuality "1"]
[TimeControl "40/5400+30:1800+30"]

1. e4 {[%emt 0:00:03]} c5 {[%emt 0:00:24]} 2. Nf3 {[%emt 0:00:06]} Nc6 {[%emt 0:00:28]} 3. d4 {[%emt 0:00:38]} cxd4 {[%emt 0:00:17]} 4. Nxd4 {[%emt 0:00:04]} g6 {[%emt 0:00:08]} 5. Nc3 {[%emt 0:02:10]} Bg7 {[%emt 0:00:18]} 6. Be3 {[%emt 0:00:31]} Nf6 {[%emt 0:00:13]} 7. Nxc6 {[%emt 0:04:57]} bxc6 {[%emt 0:00:05]} 8. e5 {[%emt 0:01:09]} Ng8 {[%emt 0:00:02]} 9. f4 {[%emt 0:01:42]} Nh6 {[%emt 0:00:14]} 10. Bc4 {[%emt 0:08:31]} O-O {[%emt 0:13:38]} 11. Qf3 {[%emt 0:05:45]} d6 {[%emt 0:10:47]} 12. Qxc6 {[%emt 0:13:11]} Bd7 {[%emt 0:12:45]} 13. Qf3 {[%emt 0:00:54]} Rc8 {[%emt 0:09:45]} 14. Bb3 {[%emt 0:05:54]} Bc6 {[%emt 0:08:24]} 15. Qe2 {[%emt 0:08:39]} Nf5 {[%emt 0:00:54]} 16. e6 {[%emt 0:07:09]} Bxg2 {[%emt 0:05:42]} 17. exf7+ {[%emt 0:00:31]} Kh8 {[%emt 0:00:06]} 18. Rg1 {[%emt 0:00:57]} Rxc3 {[%emt 0:14:34]} 19. bxc3 {[%emt 0:00:48]} Bxc3+ {[%emt 0:00:03]} 20. Kf2 {[%emt 0:00:27]} Ba8 {[%emt 0:00:53]} 21. Qd3 {[%emt 0:06:27]} Bxa1 {[%emt 0:02:42]} 22. Rxa1 {[%emt 0:00:47]} e5 {[%emt 0:00:01]} 23. Ke2 {[%emt 0:04:33]} Qh4 {[%emt 0:00:35]} 24. Kd2 {[%emt 0:00:16]} Qxh2+ {[%emt 0:03:27]} 25. Kc3 {[%emt 0:00:38]} Nxe3 {[%emt 0:01:59]} 26. Qxd6 {[%emt 0:01:12]} Rc8+ {[%emt 0:00:45]} 27. Kb2 {[%emt 0:03:18]} Qxf4 {[%emt 0:00:14]} 28. c3 {[%emt 0:01:17]} Kg7 {[%emt 0:03:20]} 29. Re1 {[%emt 0:02:49]} Qf2+ {[%emt 0:02:53]} 30. Ka3 {[%emt 0:00:08]} Nc2+ {[%emt 0:00:19]} 31. Bxc2 {[%emt 0:01:53]} Qxe1 {[%emt 0:00:06]} 32. Bb3 {[%emt 0:00:09]} Qc1+ {[%emt 0:00:38]} 33. Ka4 {[%emt 0:00:13]} Qf4+ {[%emt 0:00:45]} 34. Ka5 {[%emt 0:00:04]} Rf8 {[%emt 0:00:19]} 35. a4 {[%emt 0:00:39]} Qf6 {[%emt 0:00:14]} 0-1

[Event "Belarus-ch Men 2022"]
[Site "Minsk"]
[Date "2022.01.13"]
[Round "3.5"]
[White "Fedorov, Alexei"]
[Black "Stupak, Kirill"]
[Result "1/2-1/2"]
[WhiteElo "2552"]
[BlackElo "2478"]
[Annotator "TA"]
[PlyCount "60"]
[EventDate "2022.01.09"]
[EventType "tourn"]
[EventCountry "BLR"]
[SourceTitle "playchess.com"]
[Source "ChessBase"]
[SourceQuality "1"]

{[%evp 13,60,-39,92,83,62,85,91,97,103,97,97,96,114,98,125,115,111,125,106,93,137,111,133,145,175,179,185,188,227,230,229,213,213,147,167,107,93,90,197,195,239,231,226,230,263,185,214,250,182]} 1. e4 e6 2. d4 d5 3. e5 c5 4. c3 Qb6 5. Nf3 Nc6 6. Bd3 Bd7 7. O-O $1 {7.0-0 is better than 7.dxc5.} Rc8 {[#]} (7... cxd4 $15 {stays ahead.} 8. Nbd2 dxc3 9. bxc3 Nge7) 8. dxc5 $1 $16 {C02: French: Advance Variation.} Bxc5 9. b4 Be7 10. Re1 {White is better.} a6 {[#]} 11. a4 $146 {[%cal Ba2a4,Ba4b5][%mdl 32]} ({Predecessor:} 11. a3 f6 12. exf6 Nxf6 13. Nbd2 O-O 14. c4 Ng4 15. c5 Qc7 16. Bb2 Nxf2 17. Kxf2 Qxh2 {0-1 (26) Tadic,S (2416)-Mamedov,E (1973) Belgrade 2021}) 11... Nh6 12. Be3 Qd8 13. b5 axb5 14. axb5 Na5 15. Bxh6 gxh6 16. Nd4 Rg8 (16... Bc5 $142) 17. Qh5 Bf8 18. h4 {White is more active.} Qb6 19. Bxh7 Rg7 20. Bd3 Kd8 21. Re3 Kc7 22. Qd1 Be7 23. Qa4 Ra8 24. Rh3 (24. Nd2 $18) 24... Rgg8 {[%cal Oa5c6]} 25. Qc2 Rg4 (25... f6 $16 {is a better defense.} 26. exf6 Bxf6) 26. Nd2 $18 Rag8 {[#]} (26... Rg7 {was worth a try.} 27. N2f3 Kb8) 27. Bf1 $1 ({But not} 27. g3 $6 f5 $16) 27... Kb8 28. Qa4 Bd8 29. Qb4 Qc7 30. Re3 Rxh4 {Weighted Error Value: White=0.10 (very precise) /Black=0.26 (precise)} 1/2-1/2